000 00362 a2200169 4500
001 185582
020 _a85-329-0553-6
040 _cMagnum
100 _aRennó, Regina
240 1 0 _aQuem soltou o periquito?
_lpor
245 1 0 _aQuem soltou o periquito?
300 _a23
362 0 _a1997
440 1 _a
697 _aLITERATURA INFANTIL
942 _cBK
999 _c185582
_d185582